ज्ञान उन्मेष सरस हिन्दी व्याकरण/ (Record no. 202610)
[ view plain ]
| 000 -LEADER | |
|---|---|
| fixed length control field | 00851nam a22001937a 4500 |
| 005 - DATE AND TIME OF LATEST TRANSACTION | |
| control field | 20240515122415.0 |
| 010 ## - LCCN (DPL NO) | |
| LC control number | HIN-127576 |
| 020 ## - INTERNATIONAL STANDARD BOOK NUMBER | |
| International Standard Book Number | 9789395020534 |
| Terms of availability | 550.00 |
| 035 ## - SYSTEM CONTROL NUMBER | |
| System control number | HN-99922 |
| 037 ## - SOURCE OF ACQUISITION | |
| Source of stock number/acquisition | DBAD |
| 082 ## - DEWEY DECIMAL CLASSIFICATION NUMBER | |
| Classification number | 425 |
| 100 ## - MAIN ENTRY--PERSONAL NAME | |
| Personal name | गौड, विक्रम |
| 245 ## - TITLE STATEMENT | |
| Title | ज्ञान उन्मेष सरस हिन्दी व्याकरण/ |
| Statement of responsibility, etc | विक्रम गौड 'रसिक' |
| 260 ## - PUBLICATION, DISTRIBUTION, ETC. (IMPRINT) | |
| Place of publication, distribution, etc | ऊधम सिंह नगर (उतराखंड) |
| Name of publisher, distributor, etc | विधा प्रकाशन |
| Date of publication, distribution, etc | 2023 |
| 270 ## - ADDRESS | |
| Address | वार्ड नंबर.9, बाज्जापुर |
| City | ऊधम सिंह नगर (उतराखंड) |
| Postal code | 262401 |
| 300 ## - PHYSICAL DESCRIPTION | |
| Extent | 280पृ. |
| Dimensions | 22सेमी(आजिल्द) |
| 650 ## - SUBJECT ADDED ENTRY--TOPICAL TERM | |
| Topical term or geographic name as entry element | हिंदी |
| 942 ## - ADDED ENTRY ELEMENTS (KOHA) | |
| Institution code [OBSOLETE] | dpl |
| Item type | Hindi Books |
| Source of classification or shelving scheme | Dewey Decimal Classification |
| Classification part | 425 |
| Call number suffix | गौडवि |
| Withdrawn status | Lost status | Not for loan | Collection code | Home library | Current library | Date acquired | Source of acquisition | Cost, normal purchase price | Full call number | Barcode | Copy number | Cost, replacement price | Koha item type |
|---|---|---|---|---|---|---|---|---|---|---|---|---|---|
| Non-fiction | Ashok Vihar | Ashok Vihar | 03/05/2024 | DBAD | 550.00 | 425 गौडवि | HN-99922 | 1 | 550.00 | Hindi Books |
